000 01123nam a2200253 a 4500
001 7406
003 BD-RjUL
005 20211208234417.0
008 150114s1986 bg a 000 0 ben
020 _c: Tk. 480.00
035 _a(BD-RjUL)7449
040 _aBD-RjUL
_cBD-RjUL
_dBD-RjUL
_bben
041 _aben
082 _a954.924
_bBAZ 1986
_223
100 1 _aবদরুদ্দোজা, চৌধুরী মহাম্মদ
_9220930
245 1 0 _aজিলা পাবনার ইতিহাস (জিলা সিরাজগঞ্জসহ) /
_cচৌধুরী মহাম্মদ বদরুদ্দোজা
250 _a১ম সং.
260 _aপাবনা :
_bলেখক,
_c১৯৮৬
300 _aবিভিন্ন পৃ. :
_bচিত্র ;
_c২২ সেমি.
500 _a"একত্রে ১ম, ২য়, ৩য় খণ্ডত্রয় (জিলা সিরাজগঞ্জসহ)"
651 _aবাংলাদেশ
_zপাবনা জিলা
_vইতিহাস
_9220931
651 _aBangladesh
_zPabna
_vHistory
_9234579
942 _2ddc
_cBK
999 _c7406
_d7406